Detalles MARC
| 000 -LIDER |
| fixed length control field |
01677nam a2200349 a 4500 |
| 001 - NÚMERO DE CONTROL |
| Identificador de número de control |
000038917 |
| 003 - IDENTIFICACDOR DE NÚMERO DE CONTROL |
| control field |
DO-SdBNP |
| 005 - DATE AND TIME OF LATEST TRANSACTION |
| control field |
20200716093928.0 |
| 007 - CAMPOS FIJOS DE DESCRIPCIÓN FÍSICA |
| fixed length control field |
000038917 |
| 008 - ELEMENTOS DE LONGITUD FIJA |
| fixed length control field |
150130s2013 dr acd 000 0 spa d |
| 020 ## - ISBN |
| International Standard Book Number |
9789945174700 |
| 040 ## - FUENTE DE CATALOGACIÓN |
| Agencia que crea de manera original el registro |
BPMSU |
| Idioma de catalogación |
spa |
| Agencia que realiza la transcripción |
BPMSU |
| 092 ## - LOCALLY ASSIGNED DEWEY DECIMAL CALL NUMBER |
| Número de clasificación |
373.83 |
| Número de ítem (Cutter) |
C569s 1ro. 2013 |
| 245 00 - MENCIÓN DE TITULO |
| Título |
Ciencias sociales 1 : |
| Subtítulo |
educación media / |
| Mención de responsabilidad |
colaboración Ryde Acosta ... [et al.] ; gerencia editorial Anna Rogero Soler |
| 260 ## - PUBLICACIÓN, DISTRIBUCIÓN, ETC. (PIE DE IMPRENTA) |
| Lugar de publicación, distribución, etc |
Santo Domingo : |
| Nombre del editor, distribuidor, etc. |
SM, |
| Fecha de publicación, distribución, etc |
2013 |
| 300 ## - DESCRIPCIÓN FÍSICA |
| Extensión |
287 p. : |
| Otros detalles físicos |
il., retrs., mapas ; |
| Dimensiones |
29 cm. + |
| Material complementario |
CD ROM. |
| 490 1# - MENCIÓN DE SERIES |
| Mención de serie |
Proyecto Sé |
| 504 ## - NOTA DE BIBLIOGRAFÍA, ETC. |
| Bibliography, etc |
Bibliografía : p. 287 |
| 505 0# - NOTA DE CONTENIDO |
| Título |
Unidad 1. |
| -- |
Geografía física de la tierra – |
| -- |
Unidad 2. |
| -- |
Los continentes -- |
| -- |
Unidad 3. |
| -- |
La prehistoria y las primeras civilizaciones – |
| -- |
Unidad 4. |
| -- |
De Grecia a la Edad Media – |
| -- |
Unidad 5. |
| -- |
La Edad Moderna y las grandes revoluciones – |
| -- |
Unidad 6. |
| -- |
El siglo XX – |
| -- |
Unidad 7. |
| -- |
Población y espacio urbano – |
| -- |
Unidad 8. |
| -- |
Economía y política -- Proyecto -- Actividades -- Pon a prueba tus competencias -- Repaso para las Pruebas Nacionales. |
| 650 #4 - ENCABEZAMIENTO DE MATERIA--TEMÁTICO |
| Término temático o nombre geográfico como elemento de entrada |
CIENCIAS SOCIALES |
| Subdivisión temática general |
ENSEÑANZA SECUNDARIA |
| 650 #4 - ENCABEZAMIENTO DE MATERIA--TEMÁTICO |
| Término temático o nombre geográfico como elemento de entrada |
CIENCIAS SOCIALES |
| Subdivisión temática general |
ESTUDIOS Y EJERCICIOS |
| 650 #4 - ENCABEZAMIENTO DE MATERIA--TEMÁTICO |
| Término temático o nombre geográfico como elemento de entrada |
CIENCIAS SOCIALES |
| Subdivisión temática general |
LIBROS DE TEXTOS |
| 650 #4 - ENCABEZAMIENTO DE MATERIA--TEMÁTICO |
| Término temático o nombre geográfico como elemento de entrada |
CIENCIAS SOCIALES |
| Subdivisión temática general |
EDUCACIÓN SECUNDARIA |
| 650 #4 - ENCABEZAMIENTO DE MATERIA--TEMÁTICO |
| Término temático o nombre geográfico como elemento de entrada |
EDUCACIÓN SECUNDARIA |
| Subdivisión geográfica |
REPÚBLICA DOMINICANA |
| 700 12 - ASIENTO SECUNDARIO -- NOMBRE PERSONAL |
| Nombre personal |
Acosta, Ryde |
| Mención de responsabilidad |
colab. |
| Término de relación |
|
| 830 #0 - ASIENTO SECUNDARIO DE SERIE--TÍTULO UNIFORME |
| Título uniforme |
Proyecto Sé |
| 910 ## - VALIDACIÓN |
| Validación |
Validado. Conrol de calidad MFF |
| 930 #1 - EQUIVALENCE OR CROSS-REFERENCE-UNIFORM TITLE HEADING [LOCAL, CANADA] |
| Language of a work |
BND01 |
| Medium of performance for music |
LF1 |
| Field link and sequence number |
20130506 |
| Date of a work |
01 |
| Name of part/section of a work |
HD |
| Miscellaneous information |
36709 |
| 942 ## - ADDED ENTRY ELEMENTS (KOHA) |
| Source of classification or shelving scheme |
Dewey Decimal Classification |
| Koha item type |
Libros |
| 956 ## - LOCAL ELECTRONIC LOCATION AND ACCESS (OCLC) |
| Nombre de host |
YLOCKWARD |
| Número de acceso |
10 |
| Información de compresión |
20150603 |
| Inicio de sesión |
BND01 |
| Procesador de solicitud |
1156 |
| 956 ## - LOCAL ELECTRONIC LOCATION AND ACCESS (OCLC) |
| Nombre de host |
VMATEO |
| Número de acceso |
10 |
| Información de compresión |
20150605 |
| Inicio de sesión |
BMET02 |
| Procesador de solicitud |
00151 |